Engineering Economy (Record no. 530124)

000 -LEADER
fixed length control field 00202nam a2200097 4500
040 ## - CATALOGING SOURCE
Transcribing agency DLC
082 ## - DEWEY DECIMAL CLASSIFICATION NUMBER
Classification number 658.15
Author Mark BLA
100 ## - MAIN ENTRY--PERSONAL NAME
Personal name Blank, Leland
9 (RLIN) 23473
245 ## - TITLE STATEMENT
Title Engineering Economy
942 ## - ADDED ENTRY ELEMENTS (KOHA)
Source of classification or shelving scheme
Koha item type Book
Holdings
Withdrawn status Lost status Source of classification or shelving scheme Damaged status Not for loan Permanent Location Current Location Date acquired Total Checkouts Total Renewals Full call number Barcode Date last seen Date last checked out Price effective from Koha item type
          School of Civil and Environmental Engineering (SCEE) School of Civil and Environmental Engineering (SCEE) 10/10/2019 3 1 658.15 BLA NIT-10002 01/22/2026 10/16/2025 10/10/2019 Book
© 2023 Central Library, National University of Sciences and Technology. All Rights Reserved.